Δίκτυα υπολογιστών

Αποθηκεύτηκε σε:
Λεπτομέρειες βιβλιογραφικής εγγραφής
Κύριος συγγραφέας: Μποσδογιάννη, Τέττυ
Μορφή: Βιβλίο
Γλώσσα:Greek
Δημοσίευση: Αθήνα : Anubis, 1993
Σειρά:Γνωριμία με ...... ; 6
Θέματα:
Ετικέτες: Προσθήκη ετικέτας
Δεν υπάρχουν, Καταχωρήστε ετικέτα πρώτοι!

MARC

LEADER 00000nam a2200000 i 4500
001 1/31842
008 960821s1993 gre d
020 |a 960-306-042-9 
035 |l 10023650 
040 |a GR-MY-UA  |b gre  |e aacr 
041 0 |a gre 
082 0 |a 658.4032 
100 1 |a Μποσδογιάννη, Τέττυ. 
245 1 0 |a Δίκτυα υπολογιστών /  |c Τέττυ Μποσδογιάννη 
260 |a Αθήνα :   |b Anubis,   |c 1993 
300 |a 158 σ. 
490 1 |a Γνωριμία με..  |v ; 6 
500 |a Περιέχει βιβλιογραφία γλωσσάριο και ευρετήριο 
650 0 0 |a Network analysis. 
830 0 |a Γνωριμία με ......  |v ; 6 
852 |a INST  |b CHIOS  |e 19960821  |h 658.4032 ΜΠΟ  |p 005200000020  |q 005200000020  |t BK  |y 0 
909 |a Χ  |b 032654